| 000 | 00917cam a2200277 a 4500 | ||
|---|---|---|---|
| 001 | 14574737 | ||
| 005 | 20180110081956.0 | ||
| 008 | 060928s2008 maua b 001 0 eng | ||
| 010 | _a 2006051513 | ||
| 020 | _a0205405592 | ||
| 020 | _a9780205405596 | ||
| 035 | _a(OCoLC)ocm71812895 | ||
| 035 | _a(OCoLC)71812895 | ||
| 040 |
_aDLC _cDLC _dYDX _dBAKER _dBTCTA _dYDXCP _dDLC |
||
| 041 | _aeng | ||
| 043 | _an-us--- | ||
| 080 | _a371.102 HAL | ||
| 082 | 0 | 0 |
_a371.102 HAL _222 |
| 100 | 1 | _a46 | |
| 101 | _aEDU | ||
| 245 | 1 | 4 |
_aThe joy of teaching : _cGene E. Hall, Linda F. Quinn, Donna M. Golnick. |
| 504 | _aIncludes bibliographical references (p. 577-589) and indexes. | ||
| 906 |
_a7 _bcbc _corignew _d1 _eocip _f20 _gy-gencatlg |
||
| 942 |
_2ddc _cBK |
||
| 999 |
_c40034 _d40034 |
||